ბათუმის შოთა რუსთაველის სახელმწიფო უნივერსიტეტის ბიბლიოთეკა

Greenspan's basic & clinical endocrinology / (ბიბ.ჩანაწერი № 57598)

000 -LEADER
fixed length control field 00680cas a2200217 a 4500
001 - CONTROL NUMBER
control field 20889289
005 - DATE AND TIME OF LATEST TRANSACTION
control field 20221108141946.0
008 - FIXED-LENGTH DATA ELEMENTS--GENERAL INFORMATION
fixed length control field 070327s2018 nyu x 0 0eng c
020 ## - INTERNATIONAL STANDARD BOOK NUMBER
International Standard Book Number 9781259589287x
022 ## - INTERNATIONAL STANDARD SERIAL NUMBER
Incorrect ISSN 0891-2068
041 ## - LANGUAGE CODE
Language code of text/sound track or separate title eng
080 ## - UNIVERSAL DECIMAL CLASSIFICATION NUMBER
Universal Decimal Classification number 616.4 G-78
100 ## - MAIN ENTRY--PERSONAL NAME
Personal name Gardner, David
9 (RLIN) 9174
245 00 - TITLE STATEMENT
Title Greenspan's basic & clinical endocrinology /
Statement of responsibility, etc. David Gardner and Dolores Shoback.
264 ## - PRODUCTION, PUBLICATION, DISTRIBUTION, MANUFACTURE, AND COPYRIGHT NOTICE
Place of production, publication, distribution, manufacture New York :
Name of producer, publisher, distributor, manufacturer McGraw-Hill Medical,
Date of production, publication, distribution, manufacture, or copyright notice 2018.
300 ## - PHYSICAL DESCRIPTION
Extent 916 p. :
Other physical details ill. ;
Dimensions 28 cm.
653 ## - INDEX TERM--UNCONTROLLED
keyword მედიცინა
653 ## - INDEX TERM--UNCONTROLLED
keyword ენდოკრინოლოგია
700 ## - ADDED ENTRY--PERSONAL NAME
Personal name Shoback, Dolores
Relator term ავტორი
9 (RLIN) 9175
942 ## - ADDED ENTRY ELEMENTS (KOHA)
Source of classification or shelving scheme
Koha item type წიგნი
ეგზემპლარები
Withdrawn status Lost status Source of classification or shelving scheme Damaged status Not for loan Permanent Location Current Location Shelving location Date acquired Cost, normal purchase price Full call number Barcode Date last seen Copy number Price effective from Koha item type Public note
          ბათუმის შოთა რუსთაველის სახელმწიფო უნივერსიტეტის მთავარი ბიბლიოთეკა ბათუმის შოთა რუსთაველის სახელმწიფო უნივერსიტეტის მთავარი ბიბლიოთეკა წიგნსაცავი 2020-08-12 204.00 616.4 G-78 60797 2020-08-12 60797 2020-08-12 წიგნი 204 ლ.